000 00342nam a2200133Ia 4500
008 240624s9999 xx 000 0 und d
041 _aeng
082 _a658 PAL
100 _aPALERI PRABHAKARAN
245 _aBUSINESS ENVIRONMENT
260 _c2014
_aNew Delhi
_bCengage Learning
300 _axviii, : 516 : p. : cm. ; 26
365 _cRS
_b31
999 _c25117
_d25117